| 000 | 00436nam a22001697a 4500 | ||
|---|---|---|---|
| 003 | OSt | ||
| 005 | 20220214152650.0 | ||
| 008 | 220214b |||||||| |||| 00| 0 eng d | ||
| 020 | _a0-7506-1748-9 | ||
| 040 |
_aDDC _cHU |
||
| 082 |
_23RD _a617.752 _b1 |
||
| 100 |
_aWAKEFIELD K/G. _930409 |
||
| 245 | _aBENNETTS OPHTHALMIC PRESCRIPTION WORK | ||
| 250 | _a3RD | ||
| 260 |
_aLONDON _bBUTTERWORTH HEINEMANN _c1994 |
||
| 942 |
_2ddc _cBOOKS _n0 |
||
| 999 |
_c30218 _d30218 |
||